[Event "Oberliga NRW 1819"]
[Site "Germany"]
[Date "2018.11.18"]
[Round "3.1"]
[White "Webb, Laurence"]
[Black "Strohhaeker, Raoul"]
[Result "0-1"]
[WhiteElo "2332"]
[BlackElo "2440"]
[PlyCount "88"]
[EventDate "2018.09.16"]
[EventType "team-tourn"]
[EventRounds "9"]
[EventCountry "GER"]
[SourceTitle "EXT 2020"]
[Source "ChessBase"]
[SourceDate "2019.10.17"]
[SourceVersion "1"]
[SourceVersionDate "2019.10.17"]
[SourceQuality "1"]
[WhiteTeam "Muenster"]
[BlackTeam "Koeln SF"]
[WhiteTeamCountry "GER"]
[BlackTeamCountry "GER"]

1. d4 d5 2. c4 c6 3. Nf3 Nf6 4. Nc3 dxc4 5. a4 Bf5 6. Ne5 Nbd7 7. Nxc4 Nb6 8. e3 e6 9. Be2 Nxc4 10. Bxc4 Bd6 11. Qe2 e5 12. e4 Bg4 13. f3 exd4 14. fxg4 dxc3 15. 0-0 0-0 16. bxc3 Qe7 17. Rb1 b6 18. Bg5 Qe5 19. Bf4 Bc5+ 20. Kh1 Qxe4 21. Rbe1 Qxe2 22. Rxe2 Nxg4 23. h3 Nf6 24. Be5 Nd5 25. Bxd5 cxd5 26. Rd2 f6 27. Bg3 Rfd8 28. Rfd1 Kf7 29. Rxd5 Rxd5 30. Rxd5 Ke6 31. Rd3 Rc8 32. Kh2 Be7 33. Re3+ Kf7 34. Rd3 Rd8 35. Rxd8 Bxd8 36. c4 Ke6 37. Bb8 Kd7 38. Bxa7 Bc7+ 39. g3 Kc6 40. a5 bxa5 41. Kg2 a4 42. Bd4 a3 43. Kf3 a2 44. Ke4 Be5 0-1

[Event "BL2-West 1718"]
[Site "Germany"]
[Date "2018.02.25"]
[Round "7.1"]
[White "Lobron, Eric"]
[Black "Strohhaeker, Raoul"]
[Result "0-1"]
[WhiteElo "2500"]
[BlackElo "2435"]
[PlyCount "62"]
[EventDate "2017.10.08"]
[EventType "team-tourn"]
[EventRounds "9"]
[EventCountry "GER"]
[SourceTitle "CBM 183 Extra"]
[Source "ChessBase"]
[SourceDate "2018.04.19"]
[SourceVersion "1"]
[SourceVersionDate "2018.04.19"]
[SourceQuality "1"]
[WhiteTeam "Schott Mainz"]
[BlackTeam "Koeln SF"]
[WhiteTeamCountry "GER"]
[BlackTeamCountry "GER"]

1. e4 c5 2. Nf3 e6 3. b3 Nc6 4. Bb2 d5 5. exd5 exd5 6. Bb5 Nf6 7. Qe2+ Be6 8. Ne5 Qc7 9. f4 Bd6 10. Bxc6+ bxc6 11. 0-0 0-0 12. d3 d4 13. Nd2 Nd5 14. Ne4 Be7 15. Qf2 Ne3 16. Rfe1 f5 17. Ng3 Bd5 18. Rxe3 dxe3 19. Qxe3 Rae8 20. c4 Be6 21. Nf1 Bd6 22. Nd2 Re7 23. Ndf3 Bf7 24. Bc3 Bh5 25. Nh4 g5 26. Qg3 Rg7 27. fxg5 Re7 28. Re1 f4 29. Qh3 Bxe5 30. Rxe5 Rxe5 31. g6 hxg6 0-1

[Event "BL2-West 1718"]
[Site "Germany"]
[Date "2018.01.21"]
[Round "5.1"]
[White "Andersen, Mads"]
[Black "Strohhaeker, Raoul"]
[Result "1-0"]
[WhiteElo "2589"]
[BlackElo "2435"]
[PlyCount "133"]
[EventDate "2017.10.08"]
[EventType "team-tourn"]
[EventRounds "9"]
[EventCountry "GER"]
[SourceTitle "CBM 183 Extra"]
[Source "ChessBase"]
[SourceDate "2018.04.19"]
[SourceVersion "1"]
[SourceVersionDate "2018.04.19"]
[SourceQuality "1"]
[WhiteTeam "Solingen"]
[BlackTeam "Koeln SF"]
[WhiteTeamCountry "GER"]
[BlackTeamCountry "GER"]

1. d4 d5 2. c4 c6 3. Nf3 Nf6 4. Nbd2 e6 5. g3 Bd6 6. Bg2 0-0 7. 0-0 c5 8. cxd5 exd5 9. dxc5 Bxc5 10. a3 a5 11. Nb3 Bb6 12. Bf4 Nc6 13. Rc1 Re8 14. Nbd4 Nxd4 15. Nxd4 Bg4 16. Nf3 h6 17. Qd3 a4 18. Be5 Bxf3 19. Bxf6 Qxf6 20. Bxf3 Qxb2 21. Rb1 Qf6 22. Qxd5 Re7 23. Qb5 Bd4 24. Kg2 Rc8 25. Qxa4 b6 26. Rbd1 Bc5 27. Rd3 g5 28. Qg4 Rcc7 29. h4 Re5 30. hxg5 Rxg5 31. Qe4 Rc8 32. Rh1 Kg7 33. Rh4 Rc7 34. Rf4 Qe5 35. a4 Qxe4 36. Bxe4 Re5 37. e3 Be7 38. Bd5 f5 39. Bb3 Rec5 40. Bd5 Kg6 41. g4 fxg4 42. Rxg4+ Kh7 43. Be4+ Kh8 44. Rb3 Rg5 45. Rxg5 hxg5 46. Rxb6 Rc4 47. Re6 Bb4 48. Kf3 Bc3 49. Rh6+ Kg7 50. Rg6+ Kf8 51. Rxg5 Rxa4 52. Rc5 Bf6 53. Bc2 Rb4 54. Ke2 Be7 55. Rc8+ Kg7 56. f4 Rb2 57. e4 Ra2 58. Kf3 Bb4 59. e5 Ra1 60. Rc7+ Kf8 61. Bd3 Bd2 62. f5 Ra4 63. Rc4 Ra3 64. Ke4 Bg5 65. f6 Kf7 66. Rc7+ Kf8 67. Bc4 1-0

[Event "BL2-West 1718"]
[Site "Germany"]
[Date "2017.10.08"]
[Round "1.1"]
[White "Strohhaeker, Raoul"]
[Black "Timman, Jan H"]
[Result "1-0"]
[WhiteElo "2435"]
[BlackElo "2575"]
[PlyCount "109"]
[EventDate "2017.10.08"]
[EventType "team-tourn"]
[EventRounds "9"]
[EventCountry "GER"]
[SourceTitle "CBM 183 Extra"]
[Source "ChessBase"]
[SourceDate "2018.04.19"]
[SourceVersion "1"]
[SourceVersionDate "2018.04.19"]
[SourceQuality "1"]
[WhiteTeam "Koeln SF"]
[BlackTeam "Duesseldorf"]
[WhiteTeamCountry "GER"]
[BlackTeamCountry "GER"]

1. e4 e6 2. d4 d5 3. Nd2 c5 4. exd5 Qxd5 5. Ngf3 cxd4 6. Bc4 Qd7 7. 0-0 Nc6 8. Nb3 Nf6 9. Nbxd4 Nxd4 10. Nxd4 a6 11. Re1 Qc7 12. Bf1 Be7 13. Qf3 0-0 14. Bg5 Qc5 15. Be3 Qb4 16. Nb3 Nd5 17. Bd4 Qa4 18. Bd3 g6 19. Be4 Rd8 20. Rad1 Qb5 21. Bd3 Qc6 22. Na5 Qc7 23. Nc4 f6 24. Ne3 Nf4 25. Bc4 Kg7 26. Bb3 Bd7 27. Qg3 Bc6 28. Bxe6 Nxe6 29. Nf5+ Kf8 30. Qxc7 Nxc7 31. Nxe7 Rxd4 32. Rxd4 Re8 33. Rh4 Nd5 34. Nxg6+ hxg6 35. Rh8+ Kf7 36. Rexe8 Bxe8 37. Rh7+ Ke6 38. Rxb7 Kd6 39. c4 Nc7 40. b4 f5 41. a3 g5 42. c5+ Kc6 43. Rb6+ Kd5 44. f3 f4 45. Kf2 Bb5 46. Rg6 Ne6 47. g3 fxg3+ 48. Kxg3 Ke5 49. Kg4 Bd7 50. Rxe6+ Bxe6+ 51. Kxg5 Bh3 52. f4+ Ke6 53. a4 Bf1 54. f5+ Kf7 55. c6 1-0

[Event "Oberliga NRW 1516"]
[Site "Germany"]
[Date "2016.05.08"]
[Round "9.1"]
[White "Strohhaeker, Raoul"]
[Black "Muschik, Benedikt"]
[Result "1/2-1/2"]
[WhiteElo "2367"]
[BlackElo "2273"]
[PlyCount "93"]
[EventDate "2015.09.27"]
[EventType "team-tourn"]
[EventRounds "9"]
[EventCountry "GER"]
[SourceTitle "EXT 2017"]
[Source "ChessBase"]
[SourceDate "2016.10.25"]
[SourceVersion "1"]
[SourceVersionDate "2016.10.25"]
[SourceQuality "1"]
[WhiteTeam "Koeln SF"]
[BlackTeam "Muenster"]
[WhiteTeamCountry "GER"]
[BlackTeamCountry "GER"]

1. e4 g6 2. d4 Bg7 3. Nc3 d6 4. Bg5 a6 5. f4 c5 6. d5 b5 7. a3 Bb7 8. Nf3 Nd7 9. Qd2 Qc7 10. Bd3 Ngf6 11. 0-0 c4 12. Be2 Nc5 13. Qd4 0-0 14. Bxf6 exf6 15. f5 Qe7 16. Rfe1 Bh6 17. g3 gxf5 18. Bf1 Bc8 19. exf5 Qa7 20. Qg4+ Kh8 21. Kh1 Bd7 22. Qh4 Kg7 23. g4 Rae8 24. Qg3 Qb8 25. h4 Kh8 26. g5 Bg7 27. Bh3 a5 28. Qf4 b4 29. axb4 axb4 30. Ne4 Nxe4 31. Rxe4 Rxe4 32. Qxe4 Qb5 33. Rd1 Qc5 34. Qe7 Qf2 35. Bg2 Bxf5 36. Qxd6 fxg5 37. Rf1 Qxc2 38. Nd4 Qxb2 39. Nxf5 gxh4 40. Qf4 h3 41. Bxh3 Be5 42. Qf2 Qxf2 43. Rxf2 b3 44. Rf1 c3 45. Ne3 c2 46. Bf5 Rd8 47. Nxc2 1/2-1/2

[Event "Oberliga NRW 1516"]
[Site "Germany"]
[Date "2016.02.14"]
[Round "6.2"]
[White "Strohhaeker, Raoul"]
[Black "Becker, Marcel"]
[Result "1-0"]
[WhiteElo "2367"]
[BlackElo "2321"]
[PlyCount "69"]
[EventDate "2015.09.27"]
[EventType "team-tourn"]
[EventRounds "9"]
[EventCountry "GER"]
[SourceTitle "EXT 2017"]
[Source "ChessBase"]
[SourceDate "2016.10.25"]
[SourceVersion "1"]
[SourceVersionDate "2016.10.25"]
[SourceQuality "1"]
[WhiteTeam "Koeln SF"]
[BlackTeam "Oberhausen"]
[WhiteTeamCountry "GER"]
[BlackTeamCountry "GER"]

1. c4 c6 2. d4 d5 3. Nc3 Nf6 4. e3 Bg4 5. f3 Bf5 6. Qb3 Bc8 7. cxd5 cxd5 8. f4 Nc6 9. Nf3 e6 10. Bd3 Bd6 11. 0-0 0-0 12. Ne5 Nd7 13. Bd2 Kh8 14. Rf3 f5 15. Rh3 Qe8 16. Rc1 Nf6 17. Nb5 Bb8 18. Bb4 Nxb4 19. Rxc8 Qxc8 20. Ng6+ Kg8 21. Ne7+ Kh8 22. Nxc8 Nxd3 23. Ne7 Re8 24. Ng6+ Kg8 25. Ne5 Nxe5 26. fxe5 Ne4 27. Nc3 a6 28. Qxb7 Ra7 29. Qc6 Rae7 30. Rf3 Ba7 31. Nxe4 dxe4 32. Rf2 a5 33. g3 Rd8 34. Kg2 Kf7 35. Qxe4 1-0

[Event "Oberliga NRW 1516"]
[Site "Germany"]
[Date "2016.01.10"]
[Round "5.1"]
[White "Strohhaeker, Raoul"]
[Black "Kerigan, Demre"]
[Result "1-0"]
[WhiteElo "2367"]
[BlackElo "2386"]
[PlyCount "83"]
[EventDate "2015.09.27"]
[EventType "team-tourn"]
[EventRounds "9"]
[EventCountry "GER"]
[SourceTitle "EXT 2017"]
[Source "ChessBase"]
[SourceDate "2016.10.25"]
[SourceVersion "1"]
[SourceVersionDate "2016.10.25"]
[SourceQuality "1"]
[WhiteTeam "Koeln SF"]
[BlackTeam "Wattenscheid"]
[WhiteTeamCountry "GER"]
[BlackTeamCountry "GER"]

1. Nf3 g6 2. d4 Bg7 3. g3 d6 4. Bg2 Nf6 5. 0-0 0-0 6. c4 Nbd7 7. Nc3 e5 8. e4 c6 9. h3 Qa5 10. Be3 exd4 11. Nxd4 Re8 12. Rb1 Ne5 13. Qe2 Be6 14. Nxe6 Rxe6 15. f4 Ned7 16. b4 Qc7 17. Qd3 Rae8 18. Rfd1 a6 19. Rbc1 Qb8 20. Bf2 b5 21. c5 Bf8 22. cxd6 Rxd6 23. Qb1 c5 24. bxc5 Rxd1+ 25. Nxd1 Bxc5 26. Rxc5 Nxc5 27. Bxc5 Qc7 28. Bf2 Qc4 29. e5 Nh5 30. Ne3 Qe2 31. Qb3 Rc8 32. Bd5 Nxg3 33. Bxf7+ Kg7 34. Bg8 Rc7 35. Qd5 Nh5 36. Ng2 Nxf4 37. Nxf4 Rc1+ 38. Kg2 Qf1+ 39. Kg3 Rc3+ 40. Kg4 Qc4 41. Qd7+ Kxg8 42. e6 1-0

[Event "BL2-Sued 1415"]
[Site "Germany"]
[Date "2015.04.12"]
[Round "9.4"]
[White "Strohhaeker, Raoul"]
[Black "Dittmar, Peter"]
[Result "1-0"]
[WhiteElo "2427"]
[BlackElo "2290"]
[PlyCount "65"]
[EventDate "2014.09.21"]
[EventType "team-tourn"]
[EventRounds "9"]
[EventCountry "GER"]
[SourceTitle "CBM 166 Extra"]
[Source "ChessBase"]
[SourceDate "2015.06.18"]
[SourceVersion "1"]
[SourceVersionDate "2015.06.18"]
[SourceQuality "1"]
[WhiteTeam "Baden-Baden II"]
[BlackTeam "Moerlenbach Birkenau"]
[WhiteTeamCountry "GER"]
[BlackTeamCountry "GER"]

1. d4 d5 2. c4 e6 3. Nc3 c5 4. cxd5 exd5 5. Nf3 Nc6 6. g3 c4 7. Bg2 Bb4 8. 0-0 Nge7 9. a3 Bxc3 10. bxc3 0-0 11. a4 Re8 12. Re1 Bf5 13. Nh4 Be6 14. Qc2 Na5 15. Rb1 Nb3 16. e4 Qd7 17. Ba3 Ng6 18. exd5 Bxd5 19. Qf5 Be6 20. Qb5 Nxh4 21. gxh4 Qxb5 22. axb5 Bf5 23. Rbd1 Bc2 24. Bxb7 Bxd1 25. Rxd1 Rad8 26. d5 Re2 27. Bc6 Nd2 28. d6 Ne4 29. Bb4 Nxf2 30. Rd4 Nh3+ 31. Kf1 Rf2+ 32. Ke1 Rf4 33. d7 1-0

[Event "BL2-Sued 1415"]
[Site "Germany"]
[Date "2015.01.18"]
[Round "5.4"]
[White "Strohhaeker, Raoul"]
[Black "Klekowski, Maciej"]
[Result "0-1"]
[WhiteElo "2427"]
[BlackElo "2383"]
[PlyCount "66"]
[EventDate "2014.09.21"]
[EventType "team-tourn"]
[EventRounds "9"]
[EventCountry "GER"]
[SourceTitle "CBM 166 Extra"]
[Source "ChessBase"]
[SourceDate "2015.06.18"]
[SourceVersion "1"]
[SourceVersionDate "2015.06.18"]
[SourceQuality "1"]
[WhiteTeam "Baden-Baden II"]
[BlackTeam "Griesheim"]
[WhiteTeamCountry "GER"]
[BlackTeamCountry "GER"]

1. e4 c5 2. Nf3 Nc6 3. d4 cxd4 4. Nxd4 Nf6 5. Nc3 e5 6. Ndb5 d6 7. Bg5 a6 8. Na3 b5 9. Nd5 Be7 10. Bxf6 Bxf6 11. c4 b4 12. Nc2 Rb8 13. b3 Bg5 14. Be2 0-0 15. 0-0 Be6 16. Qd3 Qd7 17. a3 bxa3 18. Rxa3 a5 19. Nc3 Bd8 20. Rd1 Bb6 21. Nb5 Bc5 22. Ra2 f5 23. Nxd6 Bxf2+ 24. Kh1 f4 25. Qf3 Bc5 26. Nb5 Qe7 27. Ne1 Rf6 28. Nd3 Be3 29. g3 Rxb5 30. cxb5 Nd4 31. Qh5 Rf5 32. Qg4 Rg5 33. Qh4 Nf5 0-1

[Event "BL2-Sued 1415"]
[Site "Germany"]
[Date "2014.09.21"]
[Round "1.4"]
[White "Beikert, Guenther"]
[Black "Strohhaeker, Raoul"]
[Result "1-0"]
[WhiteElo "2420"]
[BlackElo "2427"]
[PlyCount "109"]
[EventDate "2014.09.21"]
[EventType "team-tourn"]
[EventRounds "9"]
[EventCountry "GER"]
[SourceTitle "CBM 166 Extra"]
[Source "ChessBase"]
[SourceDate "2015.06.18"]
[SourceVersion "1"]
[SourceVersionDate "2015.06.18"]
[SourceQuality "1"]
[WhiteTeam "Viernheim"]
[BlackTeam "Baden-Baden II"]
[WhiteTeamCountry "GER"]
[BlackTeamCountry "GER"]

1. c4 c5 2. Nc3 Nc6 3. g3 Nf6 4. Bg2 e6 5. Nf3 d5 6. cxd5 exd5 7. d4 Be7 8. 0-0 0-0 9. dxc5 Bxc5 10. Bg5 d4 11. Ne4 Be7 12. Bxf6 Bxf6 13. b4 Nxb4 14. Nxf6+ Qxf6 15. Qxd4 Nc6 16. Qxf6 gxf6 17. Nd2 Bf5 18. Ne4 Bxe4 19. Bxe4 Rac8 20. Rfd1 Rfe8 21. Bf3 b6 22. Bg4 Rc7 23. Rd7 Rcc8 24. Rd6 Red8 25. Rxf6 Kg7 26. Rf4 Rb8 27. Rc1 Rd6 28. Kg2 Rbd8 29. e3 Ne5 30. Rc7 Rf6 31. Rxf6 Kxf6 32. Bh5 a5 33. Rb7 Rd2 34. Rxb6+ Kg5 35. Rb5 f6 36. Bf7 Kh6 37. Be6 Nd3 38. Rf5 Kg7 39. a4 Ne5 40. h3 Rd6 41. Bc8 Rc6 42. Bb7 Rc7 43. Ba6 Kg6 44. Rf4 h5 45. Rd4 Rc5 46. Bb5 Rc2 47. Rd8 Kg5 48. Ra8 f5 49. Rxa5 h4 50. gxh4+ Kxh4 51. Bf1 f4 52. Rxe5 f3+ 53. Kg1 Rxf2 54. Re4+ Kg3 55. Rg4# 1-0

[Event "BL2-Sued 1213"]
[Site "Germany"]
[Date "2013.02.24"]
[Round "7.3"]
[White "Strohhaeker, Raoul"]
[Black "Neyman, Igor"]
[Result "1-0"]
[WhiteElo "2447"]
[BlackElo "2315"]
[PlyCount "51"]
[EventDate "2012.10.14"]
[EventType "team-tourn"]
[EventRounds "9"]
[EventCountry "GER"]
[SourceTitle "CBM 154 Extra"]
[Source "ChessBase"]
[SourceDate "2013.06.25"]
[SourceVersion "2"]
[SourceVersionDate "2013.06.25"]
[SourceQuality "1"]
[WhiteTeam "Baden-Baden II"]
[BlackTeam "Stuttgart"]
[WhiteTeamCountry "GER"]
[BlackTeamCountry "GER"]

1. e4 c5 2. Nf3 Nc6 3. d4 cxd4 4. Nxd4 e6 5. Nc3 Qc7 6. g3 a6 7. Bg2 b5 8. 0-0 Bb7 9. Re1 d6 10. a4 bxa4 11. Rxa4 Nge7 12. Ndb5 axb5 13. Nxb5 Rxa4 14. Nxc7+ Kd7 15. Nb5 Ng6 16. e5 Ngxe5 17. Rxe5 Nxe5 18. Bxb7 Be7 19. Bf4 f6 20. b3 Ra2 21. Qb1 Ra5 22. c4 Rb8 23. Bxe5 fxe5 24. Qe4 d5 25. Bxd5 Bf6 26. Bxe6+ 1-0

[Event "BL2-Sued 1213"]
[Site "Germany"]
[Date "2013.02.03"]
[Round "6.3"]
[White "Telljohann, Sven"]
[Black "Strohhaeker, Raoul"]
[Result "1-0"]
[WhiteElo "2423"]
[BlackElo "2447"]
[PlyCount "57"]
[EventDate "2012.10.14"]
[EventType "team-tourn"]
[EventRounds "9"]
[EventCountry "GER"]
[SourceTitle "CBM 154 Extra"]
[Source "ChessBase"]
[SourceDate "2013.06.25"]
[SourceVersion "2"]
[SourceVersionDate "2013.06.25"]
[SourceQuality "1"]
[WhiteTeam "Schoeneck"]
[BlackTeam "Baden-Baden II"]
[WhiteTeamCountry "GER"]
[BlackTeamCountry "GER"]

1. Nf3 d5 2. g3 Nf6 3. Bg2 c5 4. 0-0 Nc6 5. c4 e6 6. b3 Be7 7. Bb2 d4 8. d3 e5 9. e4 dxe3 10. fxe3 0-0 11. Nc3 Bg4 12. h3 Bh5 13. Qe2 Bg6 14. Rad1 Nh5 15. Qf2 f5 16. g4 fxg4 17. hxg4 Nf6 18. Qg3 Bd6 19. Nh4 e4 20. Qh3 Be5 21. Nxg6 hxg6 22. d4 cxd4 23. Nxe4 Nxe4 24. Rxf8+ Kxf8 25. Bxe4 Qg5 26. exd4 Rd8 27. Rf1+ Bf6 28. Bc1 Qa5 29. g5 1-0

[Event "BL2-Sued 1112"]
[Site "Germany"]
[Date "2011.12.11"]
[Round "4.3"]
[White "Strohhaeker, Raoul"]
[Black "Fuchs, Heinz"]
[Result "1/2-1/2"]
[WhiteElo "2447"]
[BlackElo "2321"]
[PlyCount "75"]
[EventDate "2011.10.02"]
[EventType "team-tourn"]
[EventRounds "9"]
[EventCountry "GER"]
[SourceTitle "EXT 2015"]
[Source "ChessBase"]
[SourceDate "2014.11.20"]
[SourceVersion "1"]
[SourceVersionDate "2014.11.20"]
[SourceQuality "1"]
[WhiteTeam "Baden-Baden II"]
[BlackTeam "Untergrombach"]
[WhiteTeamCountry "GER"]
[BlackTeamCountry "GER"]

1. e4 c5 2. Nf3 e6 3. d4 cxd4 4. Nxd4 a6 5. Bd3 Qb6 6. Nb3 Qc7 7. Nc3 Nf6 8. f4 d6 9. a4 b6 10. 0-0 Nc6 11. Qe2 Be7 12. Be3 0-0 13. g4 Re8 14. g5 Nd7 15. Rf3 g6 16. Rh3 Nb4 17. Qf2 Rb8 18. Rf1 Nf8 19. Rh6 Nxd3 20. cxd3 b5 21. axb5 axb5 22. Nd4 b4 23. Nce2 Bd7 24. f5 exf5 25. exf5 Bxf5 26. Nxf5 gxf5 27. Ng3 Ng6 28. Nxf5 Bf8 29. Bd4 Rb5 30. Rh3 Qd7 31. Rf3 Rb7 32. Ng3 Ne5 33. Rf5 Bg7 34. Bxe5 dxe5 35. Nh5 Qd4 36. Rc1 Qxf2+ 37. Kxf2 Rd7 38. Rc2 1/2-1/2

[Event "BL2-Sued 1011"]
[Site "Germany"]
[Date "2011.02.06"]
[Round "6.4"]
[White "Nemeth, Miklos"]
[Black "Strohhaeker, Raoul"]
[Result "1/2-1/2"]
[WhiteElo "2454"]
[BlackElo "2444"]
[PlyCount "35"]
[EventDate "2010.10.10"]
[EventType "team-tourn"]
[EventRounds "9"]
[EventCountry "GER"]
[SourceTitle "EXT 2012"]
[Source "ChessBase"]
[SourceDate "2011.11.24"]
[SourceVersion "1"]
[SourceVersionDate "2011.11.24"]
[SourceQuality "1"]
[WhiteTeam "Schwegenheim"]
[BlackTeam "Baden-Baden 1922 II"]
[WhiteTeamCountry "GER"]
[BlackTeamCountry "GER"]

1. e4 c5 2. Nf3 e6 3. d4 cxd4 4. Nxd4 a6 5. Bd3 Nc6 6. Nxc6 dxc6 7. Nd2 e5 8. Nc4 Be6 9. Bd2 Bxc4 10. Bxc4 Nf6 11. Qe2 b5 12. Bb3 Bc5 13. Rd1 0-0 14. Bg5 Qe7 15. Rd3 Rad8 16. Rg3 Kh8 17. 0-0 Rd6 18. Rf3 1/2-1/2

[Event "Augsburg Gutmann Memorial 3rd"]
[Site "Augsburg"]
[Date "2011.01.02"]
[Round "7"]
[White "Kulaots, Kaido"]
[Black "Strohhaeker, Raoul"]
[Result "1/2-1/2"]
[WhiteElo "2580"]
[BlackElo "2444"]
[PlyCount "118"]
[EventDate "2010.12.27"]
[EventType "tourn"]
[EventRounds "10"]
[EventCountry "GER"]
[EventCategory "10"]
[SourceTitle "EXT 2012"]
[Source "ChessBase"]
[SourceDate "2011.11.24"]
[SourceVersion "1"]
[SourceVersionDate "2011.11.24"]
[SourceQuality "1"]

1. e4 c5 2. Nf3 e6 3. d4 cxd4 4. Nxd4 a6 5. Bd3 Nc6 6. Nxc6 dxc6 7. Nd2 e5 8. Nc4 Be6 9. 0-0 Bxc4 10. Bxc4 Qxd1 11. Rxd1 Nf6 12. g3 Bc5 13. Kg2 Ke7 14. f4 h6 15. Kf3 Rad8 16. Re1 Nd7 17. a4 a5 18. c3 exf4 19. gxf4 f6 20. Re2 g5 21. e5 fxe5 22. fxg5 Rdf8+ 23. Kg2 hxg5 24. Bxg5+ Kd6 25. Rd1+ Kc7 26. h4 e4 27. Rxe4 Rf2+ 28. Kg3 Nf6 29. Bxf6 Rxf6 30. Rf1 Rd6 31. Rf5 Kb6 32. h5 Rd1 33. Re2 Rh1 34. Bf7 Rd8 35. Rf3 Rdd1 36. Kg4 Rdg1+ 37. Kf5 Bf8 38. Bg6 Bh6 39. Kf6 Ra1 40. b3 Raf1 41. Rxf1 Rxf1+ 42. Bf5 Rg1 43. Rh2 Rg3 44. Be6 Kc5 45. Kf5 Rg5+ 46. Ke4 Rg3 47. b4+ Kd6 48. Rh3 Rxh3 49. Bxh3 axb4 50. cxb4 Bd2 51. Kd3 Bg5 52. Kd4 Bf6+ 53. Ke4 Ke7 54. h6 Kf7 55. Kd3 b6 56. h7 Kg7 57. Bf5 c5 58. a5 bxa5 59. bxa5 c4+ 1/2-1/2

[Event "Augsburg Gutmann Memorial 3rd"]
[Site "Augsburg"]
[Date "2010.12.31"]
[Round "5"]
[White "Arnaudov, Petar G"]
[Black "Strohhaeker, Raoul"]
[Result "1/2-1/2"]
[WhiteElo "2468"]
[BlackElo "2444"]
[PlyCount "129"]
[EventDate "2010.12.27"]
[EventType "tourn"]
[EventRounds "10"]
[EventCountry "GER"]
[EventCategory "10"]
[SourceTitle "EXT 2012"]
[Source "ChessBase"]
[SourceDate "2011.11.24"]
[SourceVersion "1"]
[SourceVersionDate "2011.11.24"]
[SourceQuality "1"]

1. d4 d5 2. c4 c6 3. Nf3 Nf6 4. e3 Bg4 5. Qb3 Qc7 6. Ne5 e6 7. Nxg4 Nxg4 8. Nc3 Nd7 9. Bd2 Be7 10. Rc1 Qb6 11. Qc2 0-0 12. Bd3 Ngf6 13. c5 Qc7 14. f4 g6 15. 0-0 Kg7 16. b4 Ng4 17. b5 f5 18. bxc6 bxc6 19. Rb1 g5 20. Ne2 h6 21. Rb3 Rab8 22. Rfb1 Ngf6 23. Qc3 Rxb3 24. Rxb3 Rb8 25. Qa5 Bd8 26. Qxc7 Bxc7 27. Ba6 Ne4 28. Bb4 Kf7 29. g3 g4 30. Nc1 h5 31. Nd3 Ke7 32. Kg2 Nef6 33. Rc3 Ne8 34. Ra3 Nf8 35. Bc3 Kd7 36. Nb4 Ng6 37. Bd3 Rb7 38. Ra6 Ne7 39. Bc2 Bb8 40. Ba4 Rc7 41. Nd3 Rb7 42. Nb4 Rc7 43. Be1 Rc8 44. Kf1 Nf6 45. Ke2 Nfg8 46. Kd3 Nh6 47. Kc2 Nf7 48. Nd3 Kc7 49. Nb4 Kb7 50. Kc1 Nh6 51. Bd1 Bc7 52. Be2 Bd8 53. Ra4 Ka8 54. Ba6 Rb8 55. Ra3 Nf7 56. Kc2 Bc7 57. Bd3 Rc8 58. Kc1 Bd8 59. Bc2 Nh8 60. Ba4 Nhg6 61. Rb3 Ba5 62. a3 Bxb4 63. axb4 a6 64. h4 Kb7 65. Ra3 1/2-1/2

[Event "Mulhouse GM"]
[Site "Mulhouse"]
[Date "2010.07.??"]
[Round "6"]
[White "Pogonina, Natalija"]
[Black "Strohhaeker, Raoul"]
[Result "1-0"]
[WhiteElo "2501"]
[BlackElo "2432"]
[PlyCount "91"]
[EventDate "2010.07.??"]
[EventType "tourn"]
[EventRounds "9"]
[EventCountry "FRA"]
[EventCategory "11"]
[SourceTitle "EXT 2011"]
[Source "ChessBase"]
[SourceDate "2010.11.26"]
[SourceVersion "1"]
[SourceVersionDate "2010.11.26"]
[SourceQuality "1"]

1. e4 c5 2. Nf3 e6 3. d4 cxd4 4. Nxd4 a6 5. Bd3 Nc6 6. Nb3 Nf6 7. 0-0 d5 8. exd5 exd5 9. Bf4 Bd6 10. Re1+ Be6 11. Bxd6 Qxd6 12. N1d2 0-0 13. Nf3 Bg4 14. h3 Bh5 15. Be2 Rfe8 16. c3 Bg6 17. Nbd4 Nh5 18. Bf1 Be4 19. Nxc6 bxc6 20. Nd2 Nf6 21. Nc4 Qb8 22. Na5 Qxb2 23. Qb3 Qd2 24. Rad1 Qg5 25. Nxc6 Nh5 26. c4 dxc4 27. Qxc4 Bxg2 28. Bxg2 Nf4 29. Qf1 Nxh3+ 30. Kh1 Nf4 31. Nd4 Rab8 32. Nf3 Qh5+ 33. Nh2 Re6 34. Rxe6 fxe6 35. Bf3 Qh4 36. Qxa6 Qxf2 37. Qc4 Rf8 38. a4 Qe3 39. Qd4 Qa3 40. Ra1 Qb3 41. a5 Nh3 42. Rf1 Ng5 43. Bg2 Nh3 44. Rxf8+ Kxf8 45. a6 Qb1+ 46. Nf1 1-0

[Event "Mulhouse GM"]
[Site "Mulhouse"]
[Date "2010.07.??"]
[Round "5"]
[White "Strohhaeker, Raoul"]
[Black "Georgiev, Vladimir"]
[Result "1/2-1/2"]
[WhiteElo "2432"]
[BlackElo "2566"]
[PlyCount "107"]
[EventDate "2010.07.??"]
[EventType "tourn"]
[EventRounds "9"]
[EventCountry "FRA"]
[EventCategory "11"]
[SourceTitle "EXT 2011"]
[Source "ChessBase"]
[SourceDate "2010.11.26"]
[SourceVersion "1"]
[SourceVersionDate "2010.11.26"]
[SourceQuality "1"]

1. e4 e5 2. Nf3 Nc6 3. Bc4 Bc5 4. c3 Nf6 5. d4 exd4 6. cxd4 Bb4+ 7. Bd2 d5 8. exd5 Qe7+ 9. Kf1 Bxd2 10. Nbxd2 Nb4 11. Qb3 0-0 12. a3 b5 13. Qxb4 Qxb4 14. axb4 bxc4 15. Nxc4 Nxd5 16. Ne3 Nxb4 17. Ke2 Re8 18. Rhc1 Nd5 19. Kd2 Bb7 20. Rc5 Red8 21. Raa5 Nf4 22. Rxc7 Bxf3 23. gxf3 Rab8 24. Raxa7 Rxd4+ 25. Kc3 Rdb4 26. Rc8+ Rxc8+ 27. Kxb4 h5 28. Ka5 Rc5+ 29. Kb6 Rc1 30. b4 Rh1 31. b5 Rxh2 32. Kc6 Rh1 33. b6 Rc1+ 34. Kd6 Rb1 35. b7 Kh7 36. Kc6 Rc1+ 37. Kd7 Rb1 38. Nc4 Nd5 39. Na5 Nf6+ 40. Kc7 Ne8+ 41. Kc6 Rc1+ 42. Kb6 Rb1+ 43. Kc5 Nf6 44. Nc6 Nd7+ 45. Kd6 Rd1+ 46. Kc7 h4 47. Ne5 h3 48. Nxd7 h2 49. b8Q h1Q 50. Nf8+ Kg8 51. Ne6+ Kh7 52. Nf8+ Kg8 53. Nd7+ Kh7 54. Nf8+ 1/2-1/2